| 000 | 00000nas 2200000zi 4500 |
| 001 | 9.947290 |
| 003 | CaOODSP |
| 005 | 20250303104653 |
| 006 | m o d f |
| 007 | cr ||||||||||| |
| 008 | 250122d18671918oncar p o f0###a0eng|d |
| 040 | |aCaOODSP|beng|erda|cCaOODSP |
| 043 | |an-cn--- |
| 086 | 1 |aIu71E-PDF |
| 110 | 1 |aCanada. |bDepartment of Agriculture, |eauthor, |eissuing body. |
| 245 | 10|aReport of the Minister of Agriculture for the Dominion of Canada. |
| 246 | 3 |aAnnual report of the Minister of Agriculture for the Dominion of Canada |
| 246 | 3 |aReport of the Minister of Agriculture for the Province of Canada |
| 246 | 33|aCIPO annual report |
| 264 | 1|aOttawa : |bKing's Printer, |c1867-1918. |
| 336 | |atext|btxt|2rdacontent |
| 337 | |acomputer|bc|2rdamedia |
| 338 | |aonline resource|bcr|2rdacarrier |
| 362 | 1 |aBegan with 1867; ceased with 1918. |
| 500 | |aPartial contents pertaining to patents of invention, copyrights, trade marks, industrial designs, and timber marks etc. |
| 500 | |aDigitized edition from print [produced by Innovation, Science and Economic Development Canada]. |
| 610 | 10|aCanada.|bDepartment of Agriculture|vPeriodicals. |
| 650 | 0|aPatents|zCanada|vPeriodicals. |
| 650 | 0|aCopyright|zCanada|vPeriodicals. |
| 650 | 0|aIntellectual property|zCanada|vPeriodicals. |
| 650 | 6|aBrevets d'invention|zCanada|vPériodiques. |
| 650 | 6|aDroit d'auteur|zCanada|vPériodiques. |
| 650 | 6|aPropriété intellectuelle|zCanada|vPériodiques. |
| 655 | 7|aPeriodicals|2lcgft |
| 785 | 00|tReport of the Commissioner of Patents for the fiscal year ending March 31.|w(CaOODSP)9.947263 |